[Event "DVM U12 2022"]
[Site "München GER"]
[Date "2022.12.28"]
[Round "4"]
[White "Park, Manuel"]
[Black "Riechenberg, Sebastian"]
[Result "1-0"]
[Termination "normal"]
[Board "6.1"]
[WhiteElo "1491"]
[BlackElo "1771"]
[WhiteClock "00:51:38"]
[BlackClock "00:08:05"]
[WhiteTeam "SC Kirchheim/Teck"]
[BlackTeam "SV Erkenschwick 1923"]
[PlyCount "139"]
[WhiteFideId "34629114"]
[BlackFideId "34605231"]
[EventCountry "GER"]
[EventRounds "7"]
[EventType "team-swiss"]
[EventDate "2022.12.26"]

1. e4 {[%clk 01:30:40]} {[%emt 00:00:20]} e5 {[%clk 01:30:31]} {[%emt
00:00:29]} 2. Nf3 {[%clk 01:31:06]} {[%emt 00:00:05]} Nc6 {[%clk 01:30:48]}
{[%emt 00:00:12]} 3. Bc4 {[%clk 01:31:24]} {[%emt 00:00:12]} Nf6 {[%clk
01:30:35]} {[%emt 00:00:43]} 4. d3 {[%clk 01:31:50]} {[%emt 00:00:05]} Bc5
{[%clk 01:30:50]} {[%emt 00:00:14]} 5. c3 {[%clk 01:32:15]} {[%emt 00:00:05]}
d6 {[%clk 01:31:08]} {[%emt 00:00:12]} 6. Bb3 {[%clk 01:32:38]} {[%emt
00:00:07]} Bb6 {[%clk 01:30:10]} {[%emt 00:01:28]} 7. h3 {[%clk 01:32:58]}
{[%emt 00:00:10]} h6 {[%clk 01:30:27]} {[%emt 00:00:13]} 8. Nbd2 {[%clk
01:33:21]} {[%emt 00:00:07]} Ne7 {[%clk 01:29:10]} {[%emt 00:01:47]} 9. Nf1
{[%clk 01:32:17]} {[%emt 00:01:33]} Ng6 {[%clk 01:28:12]} {[%emt 00:01:29]} 10.
g4 {[%clk 01:30:18]} {[%emt 00:02:29]} d5 {[%clk 01:21:04]} {[%emt 00:07:38]}
11. Qe2 {[%clk 01:30:23]} {[%emt 00:00:26]} dxe4 {[%clk 01:06:56]} {[%emt
00:14:37]} 12. dxe4 {[%clk 01:29:40]} {[%emt 00:01:13]} Qe7 {[%clk 01:03:13]}
{[%emt 00:04:12]} 13. Bd2 {[%clk 01:28:36]} {[%emt 00:01:34]} Bd7 {[%clk
01:01:17]} {[%emt 00:49:22]} 14. O-O-O {[%clk 01:28:57]} O-O-O {[%clk
01:01:03]} 15. Ng3 {[%clk 01:22:49]} Nf4 {[%clk 01:00:18]} 16. Qf1 {[%clk
01:18:58]} Bxf2 {[%clk 00:58:03]} 17. Bxf4 exf4 {[%clk 00:58:13]} 18. Qxf2
{[%clk 01:19:49]} fxg3 19. Qxg3 {[%clk 01:20:18]} Nxe4 {[%clk 00:55:23]} 20.
Qh2 {[%clk 01:17:21]} Nc5 {[%clk 00:54:18]} 21. Bc2 {[%clk 01:11:54]} Qe3
{[%clk 00:54:16]} 22. Nd2 {[%clk 01:12:19]} Nd3 {[%clk 00:54:11]} 23. Kb1
{[%clk 01:11:43]} Bc6 {[%clk 00:53:59]} 24. Rhf1 {[%clk 01:11:45]} Qe7 {[%clk
00:42:24]} 25. Qg3 {[%clk 01:09:41]} {[%emt 00:02:23]} Ne5 {[%clk 00:36:35]}
{[%emt 00:06:18]} 26. Nb3 {[%clk 01:03:10]} {[%emt 00:07:02]} f6 {[%clk
00:35:11]} {[%emt 00:01:54]} 27. Nd4 {[%clk 01:03:22]} {[%emt 00:00:17]} Bd5
{[%clk 00:35:04]} {[%emt 00:00:37]} 28. Rde1 {[%clk 00:59:28]} {[%emt
00:04:24]} Rhe8 {[%clk 00:32:38]} {[%emt 00:02:57]} 29. Bg6 {[%clk 00:56:03]}
{[%emt 00:03:55]} Bf7 {[%clk 00:31:59]} {[%emt 00:01:08]} 30. Bf5 {[%clk
00:55:04]} {[%emt 00:01:30]} Kb8 {[%clk 00:31:56]} {[%emt 00:00:33]} 31. Bc2
{[%clk 00:54:32]} {[%emt 00:01:01]} Qc5 {[%clk 00:30:55]} {[%emt 00:01:32]} 32.
Ba4 {[%clk 00:53:12]} {[%emt 00:01:50]} Bg6 {[%clk 00:29:52]} {[%emt 00:01:33]}
33. Ka1 {[%clk 00:52:22]} {[%emt 00:01:20]} c6 {[%clk 00:26:12]} {[%emt
00:04:10]} 34. Bb3 {[%clk 00:52:10]} {[%emt 00:00:43]} Rd6 {[%clk 00:22:00]}
{[%emt 00:04:41]} 35. Ba4 {[%clk 00:36:52]} {[%emt 00:15:48]} Qa5 {[%clk
00:15:26]} {[%emt 00:07:03]} 36. Bb3 {[%clk 00:35:33]} {[%emt 00:01:50]} c5
{[%clk 00:14:59]} {[%emt 00:00:57]} 37. Nf3 {[%clk 00:34:05]} {[%emt 00:01:59]}
Rd3 {[%clk 00:15:17]} {[%emt 00:00:11]} 38. Qh2 {[%clk 00:33:59]} {[%emt
00:00:37]} Qc7 {[%clk 00:10:44]} {[%emt 00:05:02]} 39. Nxe5 {[%clk 00:32:47]}
{[%emt 00:01:43]} fxe5 {[%clk 00:10:56]} {[%emt 00:00:18]} 40. Bc2 {[%clk
00:33:05]} {[%emt 00:00:12]} Rd6 {[%clk 00:11:21]} {[%emt 00:00:04]} 41. Bxg6
{[%clk 00:30:14]} {[%emt 00:03:21]} Rxg6 {[%clk 00:11:24]} {[%emt 00:00:28]}
42. Qc2 {[%clk 00:30:18]} {[%emt 00:00:25]} Rge6 {[%clk 00:10:33]} {[%emt
00:01:21]} 43. Re4 {[%clk 00:29:48]} {[%emt 00:01:00]} Qd7 {[%clk 00:08:54]}
{[%emt 00:02:08]} 44. Rd1 {[%clk 00:27:57]} {[%emt 00:02:22]} Rd6 {[%clk
00:08:57]} {[%emt 00:00:27]} 45. Rxd6 {[%clk 00:28:22]} {[%emt 00:00:05]} Qxd6
{[%clk 00:09:18]} {[%emt 00:00:09]} 46. a3 {[%clk 00:28:49]} {[%emt 00:00:03]}
Kc7 {[%clk 00:08:01]} {[%emt 00:01:47]} 47. Qe2 {[%clk 00:29:01]} {[%emt
00:00:18]} Qd5 {[%clk 00:06:52]} {[%emt 00:01:39]} 48. Kb1 {[%clk 00:28:11]}
{[%emt 00:01:21]} b5 {[%clk 00:29:58]} {[%emt 00:07:54]} 49. c4 {[%clk
00:57:48]} {[%emt 00:01:53]} bxc4 {[%clk 00:30:06]} {[%emt 00:00:21]} 50. Rxc4
{[%clk 00:58:14]} {[%emt 00:00:06]} e4 {[%clk 00:29:43]} {[%emt 00:00:52]} 51.
Qc2 {[%clk 00:56:56]} {[%emt 00:01:48]} Kd6 {[%clk 00:25:39]} {[%emt 00:04:34]}
52. Rc3 {[%clk 00:56:22]} {[%emt 00:01:04]} Rf8 {[%clk 00:23:47]} {[%emt
00:02:21]} 53. Qh2 {[%clk 00:55:55]} {[%emt 00:00:58]} Kc6 {[%clk 00:23:35]}
{[%emt 00:00:41]} 54. Qe2 {[%clk 00:56:13]} {[%emt 00:00:12]} Kb6 {[%clk
00:23:12]} {[%emt 00:00:53]} 55. Kc2 {[%clk 00:55:32]} {[%emt 00:01:11]} Rf3
{[%clk 00:22:26]} {[%emt 00:01:16]} 56. Re3 {[%clk 00:53:53]} {[%emt 00:02:09]}
Qf7 {[%clk 00:21:50]} {[%emt 00:01:06]} 57. Rxe4 {[%clk 00:52:48]} {[%emt
00:01:36]} Rf2 {[%clk 00:16:53]} {[%emt 00:05:27]} 58. Re6 {[%clk 00:52:45]}
{[%emt 00:00:33]} Kc7 {[%clk 00:13:37]} {[%emt 00:03:46]} 59. Re7 {[%clk
00:53:07]} {[%emt 00:00:08]} Kd6 {[%clk 00:13:09]} {[%emt 00:00:57]} 60. Rxf7
{[%clk 00:53:21]} {[%emt 00:00:16]} Rxe2 {[%clk 00:13:19]} {[%emt 00:00:22]}
61. Kb1 {[%clk 00:52:57]} {[%emt 00:00:53]} Re7 {[%clk 00:12:19]} {[%emt
00:01:29]} 62. Rxe7 {[%clk 00:51:48]} {[%emt 00:01:39]} Kxe7 {[%clk 00:12:42]}
{[%emt 00:00:08]} 63. Kc2 {[%clk 00:52:16]} {[%emt 00:00:02]} Kd6 {[%clk
00:12:07]} {[%emt 00:01:05]} 64. Kc3 {[%clk 00:50:57]} {[%emt 00:01:49]} a5
{[%clk 00:10:08]} {[%emt 00:02:28]} 65. Kc4 {[%clk 00:50:08]} {[%emt 00:01:19]}
Kc6 {[%clk 00:10:19]} {[%emt 00:00:19]} 66. a4 {[%clk 00:50:33]} {[%emt
00:00:05]} g6 {[%clk 00:09:24]} {[%emt 00:01:24]} 67. h4 {[%clk 00:50:54]}
{[%emt 00:00:10]} g5 {[%clk 00:09:42]} {[%emt 00:00:13]} 68. h5 {[%clk
00:51:22]} {[%emt 00:00:02]} Kd6 {[%clk 00:08:32]} {[%emt 00:01:40]} 69. Kb5
{[%clk 00:51:43]} {[%emt 00:00:09]} c4 {[%clk 00:08:05]} {[%emt 00:00:57]} 70.
Kxc4 {[%clk 00:51:38]} {[%emt 00:00:36]} 1-0

[Event "DVM U12 2022"]
[Site "München GER"]
[Date "2022.12.28"]
[Round "4"]
[White "Schwitkowski, Luka"]
[Black "Krishnan, Vihaan"]
[Result "0-1"]
[Termination "normal"]
[Board "6.2"]
[WhiteElo "1539"]
[BlackElo "1519"]
[WhiteClock "00:35:25"]
[BlackClock "00:49:28"]
[WhiteTeam "SV Erkenschwick 1923"]
[BlackTeam "SC Kirchheim/Teck"]
[PlyCount "42"]
[WhiteFideId "34610669"]
[BlackFideId "34633910"]
[EventCountry "GER"]
[EventRounds "7"]
[EventType "team-swiss"]
[EventDate "2022.12.26"]

1. e4 {[%clk 01:30:13]} {[%emt 00:00:46]} e5 {[%clk 01:30:55]} {[%emt
00:00:06]} 2. Nf3 {[%clk 01:30:38]} {[%emt 00:00:05]} Nc6 {[%clk 01:31:21]}
{[%emt 00:00:04]} 3. Bb5 {[%clk 01:31:01]} {[%emt 00:00:06]} a6 {[%clk
01:31:47]} {[%emt 00:00:05]} 4. Ba4 {[%clk 01:31:24]} {[%emt 00:00:07]} Nf6
{[%clk 01:32:11]} {[%emt 00:00:05]} 5. O-O {[%clk 01:31:46]} {[%emt 00:00:08]}
d6 {[%clk 01:31:01]} {[%emt 00:01:40]} 6. Bxc6 {[%clk 01:30:39]} {[%emt
00:01:37]} bxc6 {[%clk 01:31:25]} {[%emt 00:00:07]} 7. d4 {[%clk 01:31:03]}
{[%emt 00:00:06]} exd4 {[%clk 01:31:19]} {[%emt 00:00:36]} 8. Nxd4 {[%clk
01:31:31]} {[%emt 00:00:02]} c5 {[%clk 01:29:07]} {[%emt 00:02:42]} 9. Nb3
{[%clk 01:31:54]} {[%emt 00:00:06]} Be7 {[%clk 01:29:22]} {[%emt 00:00:16]} 10.
Nc3 {[%clk 01:32:06]} {[%emt 00:00:18]} O-O {[%clk 01:28:39]} {[%emt 00:01:13]}
11. f3 {[%clk 01:31:45]} {[%emt 00:00:51]} Re8 {[%clk 01:26:40]} {[%emt
00:02:29]} 12. Be3 {[%clk 01:31:13]} {[%emt 00:01:02]} Bf8 {[%clk 01:20:15]}
{[%emt 00:06:55]} 13. Qd2 {[%clk 01:26:49]} {[%emt 00:04:53]} Be6 {[%clk
01:18:26]} {[%emt 00:02:19]} 14. Rad1 {[%clk 01:24:44]} {[%emt 00:02:35]} Qd7
{[%clk 01:17:30]} {[%emt 00:01:26]} 15. Nd5 {[%clk 01:21:04]} {[%emt 00:04:10]}
Bxd5 {[%clk 01:00:54]} {[%emt 00:54:03]} 16. exd5 {[%clk 01:21:20]} Qb5 {[%clk
01:00:23]} 17. Bg5 {[%clk 00:35:44]} {[%emt 00:10:23]} Re2 {[%clk 00:56:44]}
{[%emt 00:04:09]} 18. Qc1 {[%clk 00:36:13]} {[%emt 00:00:01]} Nd7 {[%clk
00:55:45]} {[%emt 00:01:30]} 19. c4 {[%clk 00:36:24]} {[%emt 00:00:19]} Qa4
{[%clk 00:52:34]} {[%emt 00:03:40]} 20. Rfe1 {[%clk 00:36:03]} {[%emt
00:00:50]} Rae8 {[%clk 00:51:44]} {[%emt 00:01:21]} 21. Be3 {[%clk 00:35:25]}
{[%emt 00:01:08]} R8xe3 {[%clk 00:49:28]} {[%emt 00:02:47]} 0-1

[Event "DVM U12 2022"]
[Site "München GER"]
[Date "2022.12.28"]
[Round "4"]
[White "Miede, Arthur"]
[Black "Al Marawi, Yousef"]
[Result "1/2-1/2"]
[Termination "normal"]
[Board "6.3"]
[WhiteElo "1208"]
[BlackElo "1545"]
[WhiteClock "00:43:24"]
[BlackClock "00:30:55"]
[WhiteTeam "SC Kirchheim/Teck"]
[BlackTeam "SV Erkenschwick 1923"]
[PlyCount "43"]
[WhiteFideId "34640495"]
[BlackFideId "34607420"]
[EventCountry "GER"]
[EventRounds "7"]
[EventType "team-swiss"]
[EventDate "2022.12.26"]

1. e4 {[%clk 01:30:56]} {[%emt 00:00:03]} e6 {[%clk 01:30:30]} {[%emt
00:00:31]} 2. d4 {[%clk 01:30:52]} {[%emt 00:00:33]} d5 {[%clk 01:30:58]}
{[%emt 00:00:02]} 3. exd5 {[%clk 01:30:48]} {[%emt 00:00:34]} exd5 {[%clk
01:31:19]} {[%emt 00:00:09]} 4. Bd3 {[%clk 01:30:08]} {[%emt 00:01:09]} Nf6
{[%clk 01:31:36]} {[%emt 00:00:14]} 5. Nf3 {[%clk 01:29:35]} {[%emt 00:01:04]}
Bd6 {[%clk 01:31:17]} {[%emt 00:00:48]} 6. Be3 {[%clk 01:27:59]} {[%emt
00:02:06]} O-O {[%clk 01:31:05]} {[%emt 00:00:42]} 7. O-O {[%clk 01:27:09]}
{[%emt 00:01:20]} Bg4 {[%clk 01:29:34]} {[%emt 00:02:01]} 8. Nbd2 {[%clk
01:25:11]} {[%emt 00:02:27]} Nbd7 {[%clk 01:27:59]} {[%emt 00:02:06]} 9. h3
{[%clk 01:23:34]} {[%emt 00:02:07]} Bh5 {[%clk 01:27:44]} {[%emt 00:00:45]} 10.
c3 {[%clk 01:23:04]} {[%emt 00:01:00]} c6 {[%clk 01:26:39]} {[%emt 00:01:35]}
11. Qc2 {[%clk 01:21:40]} {[%emt 00:01:53]} Qc7 {[%clk 01:26:04]} {[%emt
00:01:05]} 12. Rac1 {[%clk 01:18:18]} {[%emt 00:03:53]} Rfe8 {[%clk 01:18:43]}
{[%emt 00:07:51]} 13. Rfe1 {[%clk 01:17:00]} {[%emt 00:01:47]} Rac8 {[%clk
01:12:26]} {[%emt 00:53:20]} 14. a3 {[%clk 01:12:14]} b5 {[%clk 01:04:31]} 15.
a4 {[%clk 01:03:27]} Rb8 {[%clk 00:57:36]} 16. axb5 cxb5 {[%clk 00:55:07]} 17.
Qb3 {[%clk 00:53:58]} a6 {[%clk 00:51:26]} {[%emt 00:01:30]} 18. Ra1 {[%clk
00:52:07]} {[%emt 00:02:21]} Ra8 {[%clk 00:42:06]} {[%emt 00:09:49]} 19. Ra2
{[%clk 00:51:00]} {[%emt 00:01:38]} Reb8 {[%clk 00:37:15]} {[%emt 00:05:21]}
20. Rea1 {[%clk 00:45:25]} {[%emt 00:06:05]} Qc8 {[%clk 00:34:37]} {[%emt
00:03:08]} 21. Qc2 {[%clk 00:44:31]} {[%emt 00:01:23]} Bg6 {[%clk 00:30:55]}
{[%emt 00:04:12]} 22. Nh4 {[%clk 00:43:24]} {[%emt 00:01:38]} 1/2-1/2

[Event "DVM U12 2022"]
[Site "München GER"]
[Date "2022.12.28"]
[Round "4"]
[White "Bohatyrova, Mariia"]
[Black "Miede, Armin"]
[Result "1-0"]
[Termination "normal"]
[Board "6.4"]
[WhiteElo "1439"]
[BlackElo "1079"]
[WhiteClock "00:14:44"]
[BlackClock "00:13:04"]
[WhiteTeam "SV Erkenschwick 1923"]
[BlackTeam "SC Kirchheim/Teck"]
[PlyCount "129"]
[WhiteFideId "34165789"]
[BlackFideId "34640487"]
[EventCountry "GER"]
[EventRounds "7"]
[EventType "team-swiss"]
[EventDate "2022.12.26"]

1. Nf3 {[%clk 01:30:58]} {[%emt 00:00:01]} d5 {[%clk 01:30:49]} {[%emt
00:00:12]} 2. d4 {[%clk 01:31:21]} {[%emt 00:00:06]} e6 {[%clk 01:31:07]}
{[%emt 00:00:13]} 3. c4 {[%clk 01:31:29]} {[%emt 00:00:22]} Nf6 {[%clk
01:31:14]} {[%emt 00:00:23]} 4. Nc3 {[%clk 01:31:09]} {[%emt 00:00:49]} c6
{[%clk 01:30:07]} {[%emt 00:01:37]} 5. Bg5 {[%clk 01:30:12]} {[%emt 00:01:27]}
Be7 {[%clk 01:29:37]} {[%emt 00:01:00]} 6. e3 {[%clk 01:28:54]} {[%emt
00:01:48]} Nbd7 {[%clk 01:28:53]} {[%emt 00:01:15]} 7. Bd3 {[%clk 01:26:10]}
{[%emt 00:03:13]} b6 {[%clk 01:24:34]} {[%emt 00:04:49]} 8. O-O {[%clk
01:26:00]} {[%emt 00:00:39]} Bb7 {[%clk 01:22:09]} {[%emt 00:02:56]} 9. Rc1
{[%clk 01:09:53]} {[%emt 00:16:37]} O-O {[%clk 01:13:05]} {[%emt 00:53:32]} 10.
Qc2 {[%clk 01:03:19]} c5 {[%clk 01:09:14]} 11. Nd2 {[%clk 00:57:07]} g6 {[%clk
01:02:38]} 12. Ne2 {[%clk 00:41:05]} e5 {[%clk 00:58:56]} {[%emt 00:01:58]} 13.
dxe5 {[%clk 00:38:40]} {[%emt 00:02:55]} Nxe5 {[%clk 00:58:56]} {[%emt
00:00:30]} 14. Rfd1 {[%clk 00:35:39]} {[%emt 00:03:31]} dxc4 {[%clk 00:48:01]}
{[%emt 00:11:25]} 15. Bxc4 {[%clk 00:33:58]} {[%emt 00:02:10]} Qc8 {[%clk
00:44:36]} {[%emt 00:03:56]} 16. Bb3 {[%clk 00:32:28]} {[%emt 00:02:00]} Qg4
{[%clk 00:43:56]} {[%emt 00:01:10]} 17. Ng3 {[%clk 00:31:44]} {[%emt 00:01:14]}
h5 {[%clk 00:41:20]} {[%emt 00:03:07]} 18. Bf4 {[%clk 00:23:13]} {[%emt
00:09:01]} Ned7 {[%clk 00:34:12]} {[%emt 00:07:38]} 19. h3 {[%clk 00:21:13]}
{[%emt 00:02:29]} Qh4 {[%clk 00:30:04]} {[%emt 00:04:39]} 20. Qxg6 {[%clk
00:21:26]} {[%emt 00:00:17]} Kh8 {[%clk 00:30:04]} {[%emt 00:00:30]} 21. Qh6
{[%clk 00:21:38]} {[%emt 00:00:17]} Nh7 {[%clk 00:28:35]} {[%emt 00:01:59]} 22.
Bc2 {[%clk 00:19:48]} {[%emt 00:02:20]} f5 {[%clk 00:27:38]} {[%emt 00:01:27]}
23. Nxf5 {[%clk 00:13:10]} {[%emt 00:07:08]} Qf6 {[%clk 00:25:56]} {[%emt
00:02:12]} 24. Nxe7 {[%clk 00:12:48]} {[%emt 00:00:52]} Qxe7 {[%clk 00:25:05]}
{[%emt 00:01:22]} 25. Bd6 {[%clk 00:11:32]} {[%emt 00:01:45]} Qg7 {[%clk
00:23:34]} {[%emt 00:02:01]} 26. Qxg7 {[%clk 00:11:43]} {[%emt 00:00:19]} Kxg7
{[%clk 00:23:50]} {[%emt 00:00:14]} 27. Bxf8 {[%emt 00:00:06]} Rxf8 {[%clk
00:23:48]} {[%emt 00:00:29]} 28. Be4 {[%clk 00:12:16]} {[%emt 00:00:23]} Bxe4
{[%clk 00:22:39]} {[%emt 00:01:40]} 29. Nxe4 {[%clk 00:12:42]} {[%emt
00:00:05]} Ne5 {[%clk 00:21:13]} {[%emt 00:01:55]} 30. Rd5 {[%clk 00:12:50]}
{[%emt 00:00:22]} Rf5 {[%clk 00:20:57]} {[%emt 00:00:46]} 31. Rcd1 {[%clk
00:12:35]} {[%emt 00:00:45]} Nf6 {[%clk 00:19:43]} {[%emt 00:01:42]} 32. Nxf6
{[%clk 00:12:42]} {[%emt 00:00:25]} Kxf6 {[%clk 00:20:06]} {[%emt 00:00:07]}
33. e4 {[%clk 00:12:33]} {[%emt 00:00:39]} Rf4 {[%clk 00:19:34]} {[%emt
00:01:02]} 34. f3 {[%clk 00:12:36]} {[%emt 00:00:27]} Nc4 {[%clk 00:19:35]}
{[%emt 00:00:29]} 35. Rf5 {[%clk 00:12:02]} {[%emt 00:01:03]} Rxf5 {[%clk
00:19:47]} {[%emt 00:00:20]} 36. exf5 {[%clk 00:12:29]} {[%emt 00:00:02]} Kxf5
{[%clk 00:19:47]} {[%emt 00:00:30]} 37. b3 {[%clk 00:12:47]} {[%emt 00:00:12]}
Ne5 {[%clk 00:19:49]} {[%emt 00:00:29]} 38. Kf2 {[%clk 00:12:55]} {[%emt
00:00:21]} h4 {[%clk 00:19:38]} {[%emt 00:00:41]} 39. g3 {[%clk 00:12:40]}
{[%emt 00:00:45]} hxg3 {[%clk 00:19:23]} {[%emt 00:00:45]} 40. Kxg3 {[%clk
00:13:07]} {[%emt 00:00:04]} Ng6 {[%clk 00:17:36]} {[%emt 00:02:16]} 41. Rd7
{[%clk 00:12:15]} {[%emt 00:01:22]} Ke5 {[%clk 00:15:14]} {[%emt 00:02:53]} 42.
Rxa7 {[%clk 00:12:15]} {[%emt 00:00:30]} Kd5 {[%clk 00:15:24]} {[%emt
00:00:19]} 43. h4 {[%clk 00:10:22]} {[%emt 00:02:24]} b5 {[%clk 00:15:15]}
{[%emt 00:00:39]} 44. Ra6 {[%clk 00:10:06]} {[%emt 00:00:46]} c4 {[%clk
00:14:22]} {[%emt 00:01:23]} 45. bxc4 {[%clk 00:10:25]} {[%emt 00:00:11]} bxc4
{[%clk 00:14:31]} {[%emt 00:00:21]} 46. Rxg6 {[%clk 00:10:48]} {[%emt
00:00:07]} c3 {[%clk 00:13:37]} {[%emt 00:01:24]} 47. Rg8 {[%clk 00:10:56]}
{[%emt 00:00:22]} Kd4 {[%clk 00:13:26]} {[%emt 00:00:40]} 48. Rc8 {[%clk
00:11:05]} {[%emt 00:00:22]} Kd3 {[%clk 00:12:59]} {[%emt 00:00:57]} 49. h5
{[%clk 00:11:27]} {[%emt 00:00:08]} Kd2 {[%clk 00:13:13]} {[%emt 00:00:16]} 50.
h6 {[%clk 00:11:50]} {[%emt 00:00:07]} c2 {[%clk 00:13:19]} {[%emt 00:00:24]}
51. h7 {[%clk 00:12:13]} {[%emt 00:00:07]} c1=Q {[%clk 00:13:30]} {[%emt
00:00:19]} 52. Rxc1 {[%clk 00:12:31]} {[%emt 00:00:12]} Kxc1 {[%clk 00:13:51]}
{[%emt 00:00:09]} 53. h8=Q {[%clk 00:12:57]} {[%emt 00:00:04]} Kd2 {[%clk
00:14:04]} {[%emt 00:00:18]} 54. Qe5 {[%clk 00:13:02]} {[%emt 00:00:23]} Kd3
{[%clk 00:14:07]} {[%emt 00:00:30]} 55. Kf2 {[%clk 00:13:10]} {[%emt 00:00:21]}
Kc4 {[%clk 00:13:45]} {[%emt 00:00:53]} 56. Ke3 {[%clk 00:13:22]} {[%emt
00:00:15]} Kb4 {[%clk 00:13:07]} {[%emt 00:01:10]} 57. Qd5 {[%clk 00:13:41]}
{[%emt 00:00:10]} Kc3 {[%clk 00:12:59]} {[%emt 00:00:39]} 58. Qd4 {[%clk
00:13:45]} {[%emt 00:00:25]} Kc2 {[%clk 00:13:02]} {[%emt 00:00:28]} 59. Qd3
{[%clk 00:14:00]} {[%emt 00:00:14]} Kb2 {[%clk 00:12:42]} {[%emt 00:00:51]} 60.
Qb3 {[%clk 00:14:09]} {[%emt 00:00:21]} Kc1 {[%clk 00:12:30]} {[%emt 00:00:42]}
61. Qc3 {[%clk 00:14:21]} {[%emt 00:00:18]} Kb1 {[%clk 00:12:32]} {[%emt
00:00:28]} 62. Qd2 {[%clk 00:13:41]} {[%emt 00:01:07]} Ka1 {[%clk 00:12:41]}
{[%emt 00:00:24]} 63. Kd3 {[%clk 00:14:03]} {[%emt 00:00:07]} Kb1 {[%clk
00:12:38]} {[%emt 00:00:34]} 64. Kc3 {[%clk 00:14:25]} {[%emt 00:00:07]} Ka1
{[%clk 00:13:04]} {[%emt 00:00:04]} 65. Qb2# {[%clk 00:14:44]} {[%emt
00:00:11]} 1-0